|
|
|
|
| LEADER |
00836cam a2200241 a 4500 |
| 001 |
0000077833 |
| 005 |
20050919090000.0 |
| 040 |
|
|
|a mod
|
| 041 |
|
|
|a eng
|
| 020 |
0 |
0 |
|a 0323016227
|
| 090 |
0 |
0 |
|a 610.73677
|b ALE
|c f
|e 2003
|
| 245 |
0 |
0 |
|a Alexander's care of the patient in surgery
|c edited by Jane C. Rothrock; associate editors, Dale A. Smith, Donna R. McEwen
|
| 250 |
0 |
0 |
|a 12th ed.
|
| 260 |
0 |
0 |
|a St. Louis
|b Mosby
|c 2003
|
| 300 |
0 |
0 |
|a xxvii, 1409 p.
|b ill.
|c 29 cm
|
| 500 |
0 |
0 |
|a Includes bibliographical references and index
|
| 650 |
0 |
0 |
|a Therapeutics, Surgical
|
| 650 |
0 |
0 |
|a Surgical nursing
|
| 700 |
1 |
1 |
|a Rothrock
|h Jane C, 1948-
|
| 700 |
1 |
1 |
|a Smith
|h Dale A., RN
|
| 700 |
1 |
1 |
|a McEwen
|h Donna R
|
| 999 |
|
|
|a 0233597
|b INSAN
|d BOOKS
|e Rujukan
|f INSAN
|j AVAILABLE
|q GOOD CONDITION
|
| 999 |
|
|
|a 0233598
|b INSAN
|d BOOKS
|e Rujukan
|f INSAN
|j AVAILABLE
|q GOOD CONDITION
|